Dizajn ako transkultúrny fenomén
Guardado en:
| Autor principal: | |
|---|---|
| Otros Autores: | |
| Formato: | Manuscrito Libro |
| Lenguaje: | eslovaco |
| Publicado: |
Bratislava
2019
|
| Materias: | |
| Acceso en línea: | http://is.stuba.sk/zp/portal_zp.pl?podrobnosti=127984 |
| Etiquetas: |
Sin Etiquetas, Sea el primero en etiquetar este registro!
|
MARC
| LEADER | 00000ntm a22000003a 4500 | ||
|---|---|---|---|
| 001 | stuzp54659 | ||
| 003 | SK-STU | ||
| 005 | 20230316130830.4 | ||
| 007 | ta | ||
| 008 | 150427s2015----xo-----f-mn---000-0-slo-d | ||
| 035 | |a biblio/179003 |2 CREPC2 | ||
| 040 | |a STU |b slo | ||
| 041 | 0 | |a slo | |
| 044 | |a xo | ||
| 100 | 1 | |a Kumorovitzová, Jana |u 059190 |k Z3 |4 aut |9 100 |U FAD Fakulta architektúry |T FA Ústav dizajnu |X A000082274 |U A9190 |Y 400 |7 A000082274 | |
| 242 | 0 | 1 | |a Design like trascultural phenomenon |y eng |
| 245 | 1 | 0 | |a Dizajn ako transkultúrny fenomén |
| 260 | |c 2019 |a Bratislava | ||
| 300 | |a 170 + prílohy | ||
| 650 | 4 | |a zachovanie kultúrnej diverzity |2 slo | |
| 650 | 4 | |a dizajn |2 slo | |
| 650 | 4 | |a adaptabilita |2 slo | |
| 650 | 4 | |a záchranný systém |2 slo | |
| 650 | 4 | |a transkultúra |2 slo | |
| 650 | 4 | |a transculturality |2 eng | |
| 650 | 4 | |a saving of cultural diversity |2 eng | |
| 650 | 4 | |a adaptability |2 eng | |
| 650 | 4 | |a design |2 eng | |
| 650 | 4 | |a rescue system |2 eng | |
| 700 | 1 | |a Humaj, Peter |u 059190 |k Z1 |4 ths |U FAD Fakulta architektúry |T FA Ústav dizajnu |X 429 |U A9190 |Y 400 |7 A000000429 | |
| 856 | 4 | |u http://is.stuba.sk/zp/portal_zp.pl?podrobnosti=127984 |u https://opac.crzp.sk/?fn=detailBiblioForm&sid=E90F038DF6A63573E0B49A5D0CE5 | |
| 996 | |b 284AU08327 |c A* 11587/V |l AAKNST |s P |a 0 |w stuzp54659_0001 | ||